| 000 | 00704cam a22002413a 4500 | ||
|---|---|---|---|
| 001 | 14545 | ||
| 003 | PGUSA | ||
| 005 | 20140828083318.0 | ||
| 008 | 041231s2004||||xxu|||||s|||||000 1 eng d | ||
| 040 |
_aPGUSA _beng |
||
| 042 | _adc | ||
| 050 | 4 | _aPS | |
| 100 | 1 |
_aRhodes, Eugene Manlove, _d1869-1934 |
|
| 245 | 1 | 0 |
_aCopper Streak Trail _h[electronic resource] / _cEugene Manlove Rhodes |
| 260 |
_bProject Gutenberg, _c2004 |
||
| 506 | _aPublic domain in the USA. | ||
| 516 | _aElectronic text | ||
| 653 | _aFrontier and pioneer life -- West (U.S.) -- Fiction | ||
| 653 | _aWestern stories | ||
| 830 | 0 |
_aProject Gutenberg _v14545 |
|
| 856 | 4 | 0 | _uhttp://www.gutenberg.org/ebooks/14545 |
| 942 | _cEB | ||
| 999 |
_c243800 _d243800 |
||